ACLS provider manual/

Salvato in:
Dettagli Bibliografici
Natura: Libro
Lingua:inglese
Pubblicazione: American Heart Association 2001
Tags: Aggiungi Tag
Nessun Tag, puoi essere il primo ad aggiungerne!!

MARC

LEADER 00000nam a22000007a 4500
008 211021b ||||| |||| 00| 0 eng d
020 |a  0-87493-327-7 
245 |a ACLS provider manual/   |c  Richard O, Cummins  |g ix, 252p 
250 |c Richard O, Cummins.-  
260 |b  American Heart Association  |c  2001  |h Dallas, Texas  |i 680614  |m Cardiovascular emergencies – Handbooks, manuals, etc.  |m Cardiac arrest – Handbooks, manuals, etc.  |m Heart arrest – Handbooks, manuals, etc.  |m Life support care – Handbooks, manuals, etc.  |m Resuscitations – Handbooks, manuals, etc.  |m Cummins, Richard O.   |m American Heart Association 
942 |a lcc  |c BK  |e j. o.ifatola  |f 21/ 10/ 2021 
952 |0 0  |1 0  |2 lcc  |4 0  |6 RC0675 A M3  |7 0  |9 3650  |a HOL  |b HOL  |c QZ  |d 2021-10-21  |l 0  |o RC675 .Am3  |p 2021-67386  |r 2021-10-21 00:00:00  |w 2021-10-21  |y BK 
999 |c 1810  |d 1810